ANDRÉ MALRAUX, Écrits sur l’art I, sous la direction de JEAN-YVES TADIÉ avec la collaboration d’ADRIEN GOETZ, CHRISTIANE MOATTI et FRANÇOIS DE SAINT-CHERON, et II, sous la direction d’HENRI GODARD, avec la collaboration d’ADRIEN GOETZ, MONCEF KHÉMIRI et FRANÇOIS DE SAINT-CHERON (tomes IV et V des Œuvres complètes). Paris, Gallimard, « Bibliothèque de la Pléiade », 2004. Deux vol. 10,5 × 17 de 1 680 et 1 856 p. (notice n° 1654209)
[ vue normale ]
| 000 -LEADER | |
|---|---|
| fixed length control field | 01616cam a2200157 4500500 |
| 005 - DATE AND TIME OF LATEST TRANSACTION | |
| control field | 20260208005857.0 |
| 041 ## - LANGUAGE CODE | |
| Language code of text/sound track or separate title | fre |
| 042 ## - AUTHENTICATION CODE | |
| Authentication code | dc |
| 100 10 - MAIN ENTRY--PERSONAL NAME | |
| Personal name | Larrat, Jean-Claude |
| Relator term | author |
| 245 00 - TITLE STATEMENT | |
| Title | ANDRÉ MALRAUX, Écrits sur l’art I, sous la direction de JEAN-YVES TADIÉ avec la collaboration d’ADRIEN GOETZ, CHRISTIANE MOATTI et FRANÇOIS DE SAINT-CHERON, et II, sous la direction d’HENRI GODARD, avec la collaboration d’ADRIEN GOETZ, MONCEF KHÉMIRI et FRANÇOIS DE SAINT-CHERON (tomes IV et V des Œuvres complètes). Paris, Gallimard, « Bibliothèque de la Pléiade », 2004. Deux vol. 10,5 × 17 de 1 680 et 1 856 p. |
| 260 ## - PUBLICATION, DISTRIBUTION, ETC. | |
| Date of publication, distribution, etc. | 2006.<br/> |
| 500 ## - GENERAL NOTE | |
| General note | 49 |
| 520 ## - SUMMARY, ETC. | |
| Summary, etc. | Les deux personnages d’amateurs d’art que sont la marquise de Cambremer et sa belle-fille Mme de Cambremer-Legrandin semblent construits en opposition, en fonction de la conception proustienne du temps et de l’histoire de l’art. L’ironie satirique ridiculise et analyse les contradictions du snobisme et de l’avant-gardisme de la bru, coupable de dénier le passé, tant personnel qu’artistique. Mais la vieille marquise, qui pourrait apparaître comme le support de la norme satirique, fait l’objet d’un traitement comique ambigu. L’article se propose donc d’examiner les rôles complexes de l’ironie et de l’humour dans le traitement de ces deux personnages. |
| 786 0# - DATA SOURCE ENTRY | |
| Note | Revue d'histoire littéraire de la France | 106 | 3 | 2006-08-01 | p. 709za-755za | 0035-2411 |
| 856 41 - ELECTRONIC LOCATION AND ACCESS | |
| Uniform Resource Identifier | <a href="https://shs.cairn.info/revue-d-histoire-litteraire-de-la-france-2006-3-page-709za?lang=fr&redirect-ssocas=7080">https://shs.cairn.info/revue-d-histoire-litteraire-de-la-france-2006-3-page-709za?lang=fr&redirect-ssocas=7080</a> |
Pas d'exemplaire disponible.




Réseaux sociaux